Normal view MARC view

Entry Personal Name

Number of records used in: 1

001 - CONTROL NUMBER

  • control field: 240747

003 - CONTROL NUMBER IDENTIFIER

  • control field: OSt

005 - DATE AND TIME OF LATEST TRANSACTION

  • control field: 20250927102553.0

008 - FIXED-LENGTH DATA ELEMENTS

  • fixed length control field: 250927|| aca||aabn | a|a d

040 ## - CATALOGING SOURCE

  • Original cataloging agency: OSt
  • Transcribing agency: OSt

100 ## - HEADING--PERSONAL NAME

  • Personal name: NARASIMHAN (T N)
  • Dates associated with a name: ನರಸಿಂಹನ್ (ಟಿ ಎನ್ )

670 ## - SOURCE DATA FOUND

  • Source citation: Work cat.: (OSt)113821: RAMACHANDRA DEVA ರಾಮಚಂದ್ರ ದೇವ 240745, Kudure bantu kudure., 1983